| 000 | 00938cam a2200265 a 4500 | ||
|---|---|---|---|
| 001 | 000006968 | ||
| 005 | 20200929154032.0 | ||
| 008 | 990708s1999 ck a b 001 0 spa d | ||
| 020 | _a9586147045 | ||
| 040 |
_aDO-SdBNP _bspa _cDLC _dBNPHU |
||
| 082 |
_a923.2 _bR741S |
||
| 100 | 1 |
_aSerpa Erazo, Jorge, _d1946- _919363 |
|
| 245 | 1 | 0 |
_aRojas Pinilla : _buna historia del siglo XX / _cJorge Serpa Erazo ; prólogo Carlos Lemos Simmonds. |
| 260 |
_aSantafé de Bogotá, Colombia : _bEditorial Planeta, _c1999. |
||
| 300 |
_a557 p. : _bil. ; _c22 cm. |
||
| 490 | 1 | _aBiografía | |
| 504 | _aIncluye referencias bibliográficas. | ||
| 600 | 1 | 4 |
_aROJAS PINILLA, GUSTAVO _919364 |
| 651 | 4 |
_aColombia _xPolítica Y Gobierno _y1946-1974. _94127 |
|
| 610 | 2 | 4 |
_aALIANZA NACIONAL POPULAR (COLOMBIA) _919365 |
| 700 | 1 |
_aLemos Simmonds, Carlos _epról _919366 |
|
| 830 | 0 |
_aBiografías. _95554 |
|
| 910 | _aCatalogación por copia / LC | ||
| 049 | _aBNGR | ||
| 999 |
_c6752 _d6752 |
||